|
|
|
|
| LEADER |
01098naa a2200289 i 4500 |
| 001 |
publ29147 |
| 005 |
20231219143818.0 |
| 008 |
231219s2023 hu o 0|| Angol d |
| 020 |
|
|
|a 9788381027885
|
| 024 |
7 |
|
|a 34443057
|2 mtmt
|
| 040 |
|
|
|a SZTE Publicatio Repozitórium
|b hun
|
| 041 |
|
|
|a Angol
|
| 100 |
1 |
|
|a Náglova Zdeňka
|
| 245 |
1 |
0 |
|a Determinants of development for farms run by young farmers
|h [elektronikus dokumentum] :
|b economic, social, environmental and political factors /
|c Náglova Zdeňka
|
| 260 |
|
|
|a Wydawnictwo Cedewu
|b Warsaw
|c 2023
|
| 300 |
|
|
|a 12
|
| 300 |
|
|
|a 150-161
|
| 490 |
0 |
|
|a Small Farms Managed By Young Farmers : Under New "Farm -To -Fork" Strategy
|
| 650 |
|
4 |
|a Mezőgazdaság, erdészet, halászat
|
| 700 |
0 |
1 |
|a Rovný Patrik
|e aut
|
| 700 |
0 |
1 |
|a Czubak Wawrzyniec
|e aut
|
| 700 |
0 |
1 |
|a Atkočiūnienė Vilma
|e aut
|
| 700 |
0 |
1 |
|a Zaleckienė Jurgita
|e aut
|
| 700 |
0 |
1 |
|a Kiausienė Ilona
|e aut
|
| 700 |
0 |
1 |
|a Kis Krisztián
|e aut
|
| 700 |
0 |
1 |
|a Nagy Sándor
|e aut
|
| 856 |
4 |
0 |
|u http://publicatio.bibl.u-szeged.hu/29147/1/Ch_7_1_VISYFARM_Book_pp_150_161.pdf
|z Dokumentum-elérés
|